Public administration in Central Europe ideas as causes of reforms

Bibliographic Details
Other Authors: Mazur, Stanisław, 1969- (Editor)
Format: Book
Language:English
PhysicalDescription:xxi, 292 strán grafy, schémy, tabuľky 24 cm
Published: London New York Routledge Taylor & Francis Group 2020
ISBN:9780367251963
9780429286452
Edition:First published
Series:Routledge Studies in Governance and Public Policy
Subjects:

MARC

LEADER 00000nam a2200000 4500
001 vtls012078509
003 SK-MaSNL
005 20260301150719.0
008 211124s2020 xxkdl frn 001 0deng
015 |a SNBZSA2023/08 
020 |a 9780367251963  |q (viazané) 
020 |a 9780429286452  |q (ebk) 
040 |a SNK  |b slo  |c SNK  |e rda 
041 0 |a eng 
043 |a e------ 
044 |a xxk  |c UK  |a xxu  |c US 
072 7 |a 35  |x Verejná správa  |2 konspekt 
080 |a 35  |2 2011 
080 |a 005+351  |2 2011 
080 |a (4-191.2)  |2 2011 
080 |a (048.8:082)  |2 2011 
080 |a 328/329  |2 2011 
245 0 0 |a Public administration in Central Europe  |b ideas as causes of reforms  |c edited by Stanisław Mazur 
250 |a First published 
264 1 |a London  |a New York  |b Routledge Taylor & Francis Group  |c 2020 
300 |a xxi, 292 strán  |b grafy, schémy, tabuľky  |c 24 cm 
336 |a text  |b txt  |2 rdacontent 
337 |a bez média  |b n  |2 rdamedia 
338 |a zväzok  |b nc  |2 rdacarrier 
490 1 |a Routledge Studies in Governance and Public Policy 
500 |a Obsahuje profesijné pôsobenie editora a prispievateľov. Zoznam obrázkov a zoznam tabuliek 
504 |a Bibliografia za jednotlivými príspevkami. Register 
650 0 7 |a verejná správa  |2 SNKPH  |9 1538 
650 0 7 |a Public administration  |2 SNKPHeng  |9 266247 
650 0 7 |a manažment verejnej správy  |2 SNKPH  |9 68628 
650 0 7 |a Management of public administration  |2 SNKPHeng  |9 343777 
650 0 7 |a politika a vláda  |2 SNKPH  |9 3868 
650 0 7 |a Politics and government  |2 SNKPHeng  |9 280895 
651 7 |a krajiny Vyšehradskej skupiny  |2 SNKPHgeo  |9 159934 
651 7 |a Visegrad Group countries  |2 SNKPHeng  |9 232723 
655 7 |a kolektívne monografie  |2 SNKPH  |9 249850 
655 7 |a Collective monographs  |2 SNKPHeng  |9 125747 
700 1 |a Mazur, Stanisław,  |d 1969-  |4 edt  |9 508343 
830 0 |a Routledge Studies in Governance and Public Policy  |9 508344 
852 |a Slovenská národná knižnica 
919 |a 978-0-367-25196-3 
919 |a 978-0-429-28645-2 
954 |a  odborná, vedecká literatúra cudzojazyčná (svetová)  |2 lita 
954 |a odborná, vedecká literatúra pôvodná (slovenská)  |2 lita 
958 |a NB 
958 |a ZS 
999 |c 784384  |d 786314 
952 |a SNK  |b SNK  |y PREZ  |7 0  |p 17A1469539  |o snkSC 195604  |i snk2021/18992  |8 3  |g 174.68  |0 0  |1 0  |4 0  |d 2021-11-24  |l 0  |r 2025-10-15 00:00:00  |w 2026-02-24